000 00305nam a2200133Ia 4500
005 20251222144918.0
008 251222s9999||||xx |||||||||||||| ||spa||
082 _a839.77/S65
100 _aSodergran, Edith
245 0 _aVirgen Moderna:
250 _a2a.ed.
264 _bNido de Cuervos
942 _cLIB
999 _c22603
_d22603